Au temps du roi Édouard (Record no. 175893)

MARC details
000 -LEADER
campo de control de longitud fija 00823nam a2200229 i 4500
001 - NÚMERO DE CONTROL
campo de control 175893
003 - IDENTIFICADOR DE NÚMERO DE CONTROL
campo de control ES-MaACL
005 - FECHA Y HORA DE LA ÚLTIMA TRANSACCIÓN
campo de control 20251015164810.0
007 - CAMPO FIJO DE DESCRIPCIÓN FÍSICA--INFORMACIÓN GENERAL
campo de control de longitud fija t|
008 - DATOS DE LONGITUD FIJA--INFORMACIÓN GENERAL
campo de control de longitud fija 101129s1933 fr ||||1| fre d
080 ## - NÚMERO DE LA CLASIFICACIÓN DECIMAL UNIVERSAL
Número de la Clasificación Decimal Universal 929 Eduardo VII, Rey de Inglaterra
100 1# - ENTRADA PRINCIPAL--NOMBRE DE PERSONA
Nombre de persona Sackville-West, Vita,
Fechas asociadas al nombre 1892-1962
9 (RLIN) 241527
245 13 - MENCIÓN DEL TÍTULO
Título Au temps du roi Édouard
Resto del título : (the edwardians) /
Mención de responsabilidad, etc. V. Sackville-West ; traduit de l'anglais par Alice Turpin ; précédé d'une note liminaire d'André Maurois.
260 ## - PUBLICACIÓN, DISTRIBUCIÓN, ETC.
Lugar de publicación, distribución, etc. Paris :
Nombre del editor, distribuidor, etc. Bernard Grasset,
Fecha de publicación, distribución, etc. imp. 1933.
300 ## - DESCRIPCIÓN FÍSICA
Extensión 270, [2] p. ;
Dimensiones 19 cm.
546 ## - NOTA DE IDIOMA
Nota de lengua/lenguaje Texto en francés.
600 07 - PUNTO DE ACCESO ADICIONAL DE MATERIA--NOMBRE DE PERSONA
Nombre de persona Eduardo
Numeración VII,
Títulos y otros términos asociados al nombre Rey de Inglaterra
Fuente del encabezamiento o término
9 (RLIN) 144106
700 1# - ENTRADA AGREGADA--NOMBRE PERSONAL
Nombre de persona Turpin, Alice.
9 (RLIN) 144107
700 1# - ENTRADA AGREGADA--NOMBRE PERSONAL
Nombre de persona Maurois, André,
Fechas asociadas al nombre 1885-1967
9 (RLIN) 79267
852 ## - LOCALIZACIÓN
Ubicación ES-MaACL
Número de control de estantería E-13711
Holdings
Estatus retirado Estado de pérdida Estado de daño No para préstamo Biblioteca de origen Biblioteca actual Ubicación en estantería Fecha de adquisición Fuente de adquisición Total de préstamos Signatura topográfica completa Código de barras Visto por última vez Precio de reemplazo Tipo de ítem Koha
        Biblioteca del Ateneo de Madrid Biblioteca del Ateneo de Madrid Depósito 2 29/11/2010     E-13711 1184709 23/02/2023 23/02/2023 Libro impreso